000 00486nam a2200181Ia 4500
005 20250508162444.0
008 008 250505s9999 xx 000 0 eng d
037 _aTextual
040 _aFEDL
_beng
_cFEDL
041 _aeng
_2eng
084 _a040, GHO
_qFEDL
100 _aGhose Sisirkumar
245 0 _aLost dimensions
260 _aNew Delhi, India
_bBiblia Impex Private Limited
_c1982
300 _a247p
942 _cTEXL
_h040, GHO
999 _c1376656
_d1376656